Open Data Biblioteca Nacional de Portugal


República Portuguesa: Ministério da Cultura
Biblioteca Nacional de Portugal

Catálogo da BNP: acesso por Identificadores Unívocos
Registos Bibliográficos associados ao registo de autoridade

Etiqueta de registo: 00254nam 2200025 450
001 2285585
003 http://id.bnportugal.gov.pt/bib/catbnp/2285585
100 ## $a20260430d1583 m y0pory01030103ba
101 0# $alat
102 ## $aDX
105 ## $ay z 000yy
106 ## $ar
200 1# $aDialogi D. Catharinae Senensis Virginis Sanctissimae, in sex tractatus distributi, diuinam planè & admirabilem sapientiam ad spiritualis vitae institutionem complectentes$eante annos C.LXXXIII. per D. Raymundum a Vineis Capuanum theologum ex Italico sermone in latinum conuersi; nunc autem denuò & accuratiùs longè & correctiùs typis excusi$eAdiectae sunt sub finem orationes quaedam eiusdem sanctissimae Virginis; vnâ cum summa breui & indice singulorum capitum
210 #9 $aIngolstadii$cex officina typographica Dauidis Sartorii,$d1583
215 ## $a[8], 331, [13] f. $d
307 ## $aAssin.: )(//8, A-Z//8, a-u//8
314 ## $aSegundo bibliogr., a trad. atribuída a Raymundus de Vineis é de Stefano Moconi
316 ## $aExemplar em mau estado$5PTBN: R. 1823 P.
321 ## $aAdams C 1105
321 ## $aICCU IT\ICCU\BVEE\010960
620 ## $dIngolstadt
700 #0 $aCatarina de Siena,$cSanta,$f1347-1380$343632
702 #0 $aRaymundus de Vineis,$f1330-1399,$cO.F.M.$4340$377621
702 #1 $aMaconi,$bStefano,$f1350?-1424$4730$31997400
702 #1 $aSartorius,$bDavid,$f1575-1596$4610$3568233
801 #0 $aPT$bBN$gRPC
856 40 $2Cópia digital disponível em Google Books$uhttps://books.google.pt/books?id=PMjLTunoHb8C&hl=pt-PT&pg=PA1#v=onepage&q&f=false
966 ## $lBN$mFGMON$sR. 1823 P.
971 ## $cpmesqui$d20260430
997 ## $aBIBEOD

OpendataBNP@bnportugal.pt | Mais informação sobre acesso aos dados BNP